LIBRARY ONLINE CATALOGUE

Growth, inequality and poverty : (Record no. 5282)

MARC details
000 -LEADER
fixed length control field 00798cam a22002412 4500
001 - CONTROL NUMBER
control field 0000001481
005 - DATE AND TIME OF LATEST TRANSACTION
control field 20151217151818.0
008 - FIXED-LENGTH DATA ELEMENTS--GENERAL INFORMATION
fixed length control field 070313s xx 000 0 eng d
020 ## - INTERNATIONAL STANDARD BOOK NUMBER
International Standard Book Number 0199282224 :
Terms of availability KES 3750
040 ## - CATALOGING SOURCE
Original cataloging agency KABU
Transcribing agency KABU
050 #0 - LIBRARY OF CONGRESS CALL NUMBER
Classification number HB523
Item number .G76
245 10 - TITLE STATEMENT
Title Growth, inequality and poverty :
Remainder of title prospects for pro-poor economic development /
Statement of responsibility, etc. edited by Anthony Shorrocks and Rolph Van Der Hoeven.
260 ## - PUBLICATION, DISTRIBUTION, ETC. (IMPRINT)
Place of publication, distribution, etc. Oxford :
Name of publisher, distributor, etc. OUP,
Date of publication, distribution, etc. 2005.
300 ## - PHYSICAL DESCRIPTION
Extent xvi, 283 p.
650 #0 - SUBJECT ADDED ENTRY--TOPICAL TERM
Topical term or geographic name as entry element Income distribution.
-- 0000150265
650 #0 - SUBJECT ADDED ENTRY--TOPICAL TERM
Topical term or geographic name as entry element Eqality.
-- 0000150267
650 #0 - SUBJECT ADDED ENTRY--TOPICAL TERM
Topical term or geographic name as entry element Economic policy.
-- 0000150092
700 1# - ADDED ENTRY--PERSONAL NAME
Personal name Shorrocks, Anthony.
-- 0000150268
700 1# - ADDED ENTRY--PERSONAL NAME
Personal name Hoeven, Rolph Van Der.
-- 0000150269
908 ## - PUT COMMAND PARAMETER (RLIN)
Put command parameter 070313
950 ## - LOCAL HOLDINGS (RLIN)
-- 1
Holdings
Withdrawn status Lost status Source of classification or shelving scheme Not for loan Home library Current library Date acquired Total Checkouts Full call number Barcode Date last seen Price effective from Koha item type
    Library of Congress Classification   Kabarak, Main Campus Kabarak, Main Campus 17/12/2015   HB523 .G76 001143 02/08/2024 17/12/2015 General Collection